000 00518 a2200169 4500
005 20250610150106.0
020 _a978-1-108-70144-0
082 _a658.05 CZI
100 _aCZINKOTA, M. R.
245 _aInternational Business.
250 _a9th Ed
260 _aNew York,
_bCambridge University,
_c2021.
300 _axv, 573p.: ill.; picture
_bReferences & Index
_c24cm
700 _aRONKAINEN, I. A. & GUPTA, S.
856 _yAccess Online Book
_fInternational Business
_dwww.cambridge.org/czinkota
942 _2ddc
_cBKS
999 _c3636
_d3636